21 experiencias ambientales para el siglo 21 (Registro nro. 17686)
[ vista simple ]
| 000 -CABECERA | |
|---|---|
| Campo de control | 00745nas a22002417a 4500 |
| 005 - FECHA Y HORA DE LA ULTIMA TRANSACCION | |
| Campo de control | 20150818105950.0 |
| 008 - ELEMENTOS DE LONGITUD FIJA—INFORMACION GENERAL | |
| Campo de control | 150818b2008 ve |||||r|||| 00| 0 spa d |
| 022 ## - ISSN | |
| ISSN | 18569196 |
| 040 ## - FUENTE DE CATALOGACIÓN | |
| Agencia catalogadora original | CO-BoIAVH |
| Agencia transcriptora | CO-BoIAVH |
| 041 0# - IDIOMA | |
| Código de idioma para texto/pista de sonido o título separado | Español |
| 044 ## - PAÍS DE PUBLICACIÓN | |
| País de publicación | Venezuela |
| 090 ## - CLASIFICACIÓN LOCAL | |
| Colección | SE |
| 110 2# - ASIENTO PRINCIPAL--NOMBRE CORPORATIVO | |
| Nombre corporativo o de jurisdicción como elemento de entrada | Fundación la Salle de Ciencias Naturales |
| 245 1# - MENCION DE TITULO | |
| Título | 21 experiencias ambientales para el siglo 21 |
| 260 3# - PUBLICACION, DISTRIBUCION, ETC. (PIE DE IMPRENTA) | |
| Lugar de publicación, distribución, etc. | Venezuela: |
| Nombre del editor, distribuidor, etc. | Gráficas Lauki, |
| Fecha de publicación, distribución, etc. | 2008-. |
| 300 ## - DESCRIPCION FISICA | |
| Dimensiones | 28 cm. |
| 505 ## - NOTA DE CONTENIDO | |
| Nota de contenido | Incluye tabla de contenido. |
| 650 #6 - ASIENTO SECUNDARIO DE MATERIA - TERMINO TEMATICO | |
| Término temático o nombre geográfico como elemento de entrada | Biodiversidad |
| Subdivisión general | Investigación |
| 9 (RLIN) | 37064 |
| 650 #6 - ASIENTO SECUNDARIO DE MATERIA - TERMINO TEMATICO | |
| Término temático o nombre geográfico como elemento de entrada | Conservación biodiversidad |
| Subdivisión general | Investigación |
| 9 (RLIN) | 37065 |
| 650 #6 - ASIENTO SECUNDARIO DE MATERIA - TERMINO TEMATICO | |
| Término temático o nombre geográfico como elemento de entrada | Recursos hídricos |
| Subdivisión general | Investigación |
| 9 (RLIN) | 37066 |
| 651 #0 - ASIENTO SECUNDARIO DE MATERIA - NOMBRE GEOGRAFICO | |
| Nombre geográfico | Venezuela |
| 9 (RLIN) | 37067 |
| 942 ## - ELEMENTOS ADICIONALES (KOHA) | |
| Sistema de clasificación | Local |
| Tipo de ítem | Periodica o revista |
| Serial record | 1 |
| Withdrawn status | Lost status | Sistema de Clasificación | Damaged status | No para préstamo | Colección | Fecha publicación (Año) | Volumen revista | Número revista | Ubicación Permanente | Ubicación actual | Fecha de adquisición | Datos de publicación Seriada | Total Checkouts | Número topográfico | Inventario / Código de Barras | Date last seen | Ejemplar | Price effective from | Forma de adquisición | Tipo de material |
|---|---|---|---|---|---|---|---|---|---|---|---|---|---|---|---|---|---|---|---|---|
| Local | Hemeroteca | 2008 | 1 | 1 | Bogotá | Bogotá | 18/08/2015 | Año 2008, Nro. 1 | SE | 035165 | 22/08/2016 | Ej. 1 | 18/08/2015 | Canje | Periodica o revista |